The globalization and development reader (Registro nro. 184384)

Detalles MARC
000 -ENCABEZADO
Número de control [NR] 00963cam a2200229 a 4500
005 - FECHA Y HORA DE LA ÚLTIMA TRANSACCIÓN
control field 20140903175021.0
008 - DE LONGITUD FIJA DE DATOS DE ELEMENTOS - INFORMACIÓN GENERAL
Elementos de longitud fija [NR] 060725s2007 xxud fr 001 0 eng
020 ## - NUMERO INTERNACIONAL NORMALIZADO PARA LIBROS [R]
Número Internacional Normalizado del libro [NR] 9781405132367
040 ## - FUENTE DE CATALOGACION [NR]
Agencia de catalogación original [NR] CO-BoUCM
Idioma de catalogación [NR] spa
Quien Cataloga Jose A. Gerena
Quien Clasifica Diana Londoño
041 ## - CODIGO DE IDIOMA [R]
Código de idioma para texto/pista de sonido o título separado [R] Inglés
245 04 - MENCION DE TITULO [NR]
Título [NR] The globalization and development reader
Parte restante del título [NR] perspectives on development and global change
Mención de responsabilidad, etc. [NR] editado por J. Timmons Roberts and Amy Bellone Hite
260 ## - PUBLICACION, DISTRIBUCION, ETC. (PIE DE IMPRENTA) [R]
Lugar de publicación, distribución, etc. [R] Malden (Massachusetts, Estados Unidos)
Nombre del editor, distribuidor, etc. [R] Blackwell
Fecha de publicación, distribución, etc. [R] 2007
300 ## - DESCRIPCION FISICA [R]
Extensión [R] xiv, 450 páginas
Otros detalles físicos [NR] ilustraciones, gráficas
504 ## - NOTA DE BIBLIOGRAFIA, ETC. [R]
Nota de bibliografía, etc. [NR] Incluye referencias bibliográficas e índices
650 #7 - ASIENTO SECUNDARIO DE MATERIA - TERMINO TEMATICO [R]
9 (RLIN) 12956
Término temático o nombre geográfico como elemento de entrada [NR] Desarrollo económico
650 #7 - ASIENTO SECUNDARIO DE MATERIA - TERMINO TEMATICO [R]
9 (RLIN) 45945
Término temático o nombre geográfico como elemento de entrada [NR] Países en desarrollo
Subdivisión general [R] Desarrollo económico
690 ## - ASUNTO AGREGADO LOCAL DE ENTRADA - TÉRMINO TEMÁTICO (OCLC, RLIN)
9 (RLIN) 42791
Acceso temático local Desarrollo económico
700 1# - ASIENTO SECUNDARIO - NOMBRE PERSONAL [R]
Nombre personal [NR] Hite, Amy Bellone
Término de relación [R] editor
9 (RLIN) 54694
700 1# - ASIENTO SECUNDARIO - NOMBRE PERSONAL [R]
Nombre personal [NR] Roberts, J. Timmons
Término de relación [R] editor
9 (RLIN) 54693
942 ## - ELEMENTOS DE ENTRADA AGREGADOS (KOHA)
Tema principal Economía
Tipo de ítem principal el descrito en 300a Libro
Edición 1
Parte restante de la signatura top. G562
Sistema de clasificación DEWEY
Clasificación 330.91724
Existencias
Total préstamos Signatura topográfica Código de barras Última vez visto Ejemplar Costo de reposición Price effective from Tipo de ítem Perdido Sistema de clasificación Dañado No prestable Tipo de ítem específico Suprimido Ubicación habitual Ubicación actual Localización Fecha de creación Proveedor Forma de adquisición Costo
  330.91724 G562 100139982 03/12/2025 Ej.1 77800.00 14/01/2014 Libro   DEWEY     Libro   Claustro Claustro Mezanine 14/01/2014 15 Compra 77800.00